Hungarian Cities With More Than 100,000 People - Statistics

General Stats
  • This quiz has been taken 81 times
  • The average score is 6 of 8
Answer Stats
Name of City Population % Correct
Budapest 1. 1,685,342
100%
Debrecen 2. 199,858
89%
Győr 6. 127,599
84%
Pécs 5. 139,330
79%
Szeged 3. 158,797
79%
Miskolc 4. 147,533
73%
Nyíregyháza 7. 116,282
56%
Kecskemét 8. 112,641
55%
No matching quizzes found
Score Distribution
Percent of People with Each Score
Percentile by Number Answered
Your Score History
You have not taken this quiz